Datum a čas kvízu
34
Celkem bodů
Celkový počet nahraných bodů na tomto kvízu bez doplňovacích otázek.
6.
Pořadí na kvízu
Konečné umístění týmu na tomto kvízu.
Zaznamenané odpovědi
| # | Otázka | Odpověď | Body | Výsledky |
|---|---|---|---|---|
| 1. | Ve čtvrtek byl po dlouhých prů... | Petr Hladík | 1 | |
| 2. | Ve které zemi se 1. 1. 2023 za... | v Chorvatsku | 1 | |
| 3. | Svět módy přišel koncem minulé... | Vivienne Westwood | 1 | |
| 4. | Na internetové aukční síni eBa... | mince s portrétem krále Karla III. | 0 | |
| 5. | V noci na středu se jistý bask... | Luka Dončić | 0 | |
| 6. | V tomto tématu budete hledat d... | Dempsey a Makepeaceová | 1 | |
| 7. | Ve světě Azeroth, jak byl před... | orkové | 0 | |
| 8. | Nedaleko hradu Točníku se nach... | Žebrák | 1 | |
| 9. | Při stavbě zdi se cihlám klade... | běhouny | 1 | |
| 10. | V historii se pouze dvěma vědc... | Marie Curie-Skłodowská | 1 |